5HLuxD.jpg

KING HENRY VIII SENIOR AND PRIMARY SCHOOL LIBRARY OPAC

The life and times of William Shakespeare / (Record no. 2750)

000 -LEADER
fixed length control field 01255cam a2200337 a 4500
001 - CONTROL NUMBER
control field 15778248
003 - CONTROL NUMBER IDENTIFIER
control field OSt
005 - DATE AND TIME OF LATEST TRANSACTION
control field 20230818144832.0
008 - FIXED-LENGTH DATA ELEMENTS--GENERAL INFORMATION
fixed length control field 090616s2008 enkab 000 0 eng d
010 ## - LIBRARY OF CONGRESS CONTROL NUMBER
LC control number 2009291588
015 ## - NATIONAL BIBLIOGRAPHY NUMBER
National bibliography number GBA867822
Source bnb
016 7# - NATIONAL BIBLIOGRAPHIC AGENCY CONTROL NUMBER
Record control number 014620071
Source Uk
020 ## - INTERNATIONAL STANDARD BOOK NUMBER
International Standard Book Number 9780194790765 (pbk.)
035 ## - SYSTEM CONTROL NUMBER
System control number (OCoLC)ocn228571245
040 ## - CATALOGING SOURCE
Original cataloging agency UKM
Transcribing agency UKM
Modifying agency YDXCP
-- OCLCG
-- DLC
-- KH8
042 ## - AUTHENTICATION CODE
Authentication code ukscp
-- lccopycat
082 00 - DEWEY DECIMAL CLASSIFICATION NUMBER
Classification number 428.6 BAS
Edition number 22
100 1# - MAIN ENTRY--PERSONAL NAME
Personal name Bassett, Jennifer,
Relator term author.
245 14 - TITLE STATEMENT
Title The life and times of William Shakespeare /
Statement of responsibility, etc. Jennifer Bassett.
246 14 - VARYING FORM OF TITLE
Title proper/short title William Shakespeare
260 ## - PUBLICATION, DISTRIBUTION, ETC.
Place of publication, distribution, etc. Oxford ;
-- New York :
Name of publisher, distributor, etc. Oxford University Press,
Date of publication, distribution, etc. c2008.
300 ## - PHYSICAL DESCRIPTION
Extent 64 p. :
Other physical details ill., maps ;
Dimensions 20 cm.
490 0# - SERIES STATEMENT
Series statement Oxford Bookworms Library ; Stage 2, True stories.
500 ## - GENERAL NOTE
General note "First published in Oxford Bookworms, 1993"--T.p. verso.
650 #0 - SUBJECT ADDED ENTRY--TOPICAL TERM
Topical term or geographic name entry element Readers (Adult)
650 #0 - SUBJECT ADDED ENTRY--TOPICAL TERM
Topical term or geographic name entry element English language
Form subdivision Textbooks for foreign speakers.
650 #0 - SUBJECT ADDED ENTRY--TOPICAL TERM
Topical term or geographic name entry element Reading comprehension
Form subdivision Problems, exercises, etc.
906 ## - LOCAL DATA ELEMENT F, LDF (RLIN)
a 7
b cbc
c copycat
d 2
e ncip
f 20
g y-gencatlg
942 ## - ADDED ENTRY ELEMENTS (KOHA)
Source of classification or shelving scheme
Koha item type Teaching Resources
Holdings
Withdrawn status Lost status Source of classification or shelving scheme Damaged status Not for loan Collection code Permanent Location Current Location Shelving location Date acquired Total Checkouts Total Renewals Full call number Barcode Date due Date last seen Date last checked out Price effective from Koha item type
          Teaching Resources KH8 Senior School Library KH8 Senior School Library Staff Office 2023-08-18 4 1 428.6 BAS TRKHSL002132 2025-07-04 2025-02-12 2025-02-12 2023-08-18 Teaching Resources

Powered By KH8 IT Dept